[Event "Madrid ch - Previa A"]
[Site "Madrid ESP"]
[Date "2009.11.10"]
[Round "4.4"]
[White "Baeza Escudero, Javier"]
[Black "Montolio Benedicto, Cesar"]
[Result "1/2-1/2"]
[WhiteElo "1956"]
[BlackElo "1991"]
[PlyCount "77"]
[EventDate "2009.11.02"]
[EventType "swiss"]
[EventRounds "9"]
[EventCountry "ESP"]
[Source "lmi"]
[SourceDate "2009.11.02"]

1. e4 e5 2. Bc4 Nf6 3. d3 Be7 4. Nf3 Nc6 5. c3 d6 6. Bb3 Be6 7. Nbd2 O-O 8. Qe2
Na5 9. Bc2 c5 10. Nf1 Nc6 11. Ng3 Qc7 12. O-O Rad8 13. Nh4 Nxe4 14. Qxe4 d5 15.
Qa4 b5 16. Qxb5 Bxh4 17. Qxc5 Rb8 18. Ba4 Rb6 19. f4 d4 20. Bxc6 Rxc6 21. Qxe5
Qxe5 22. fxe5 Bxg3 23. hxg3 dxc3 24. b3 Rd8 25. Rf3 Ra6 26. Bg5 Rd7 27. d4 h6
28. Bc1 Bxb3 29. Rxc3 Rxa2 30. Rxa2 Bxa2 31. Ra3 Rxd4 32. Be3 Rd1+ 33. Kf2 Bd5
34. Rxa7 Rb1 35. Bd4 Rb7 36. Ra8+ Kh7 37. Rd8 Be6 38. Kf3 Rd7 39. Rxd7 1/2-1/2

[Event "Madrid ch - Previa A"]
[Site "Madrid ESP"]
[Date "2009.11.10"]
[Round "4.5"]
[White "Garcia Gonzalez, Pedro A"]
[Black "Garcia Gutierrez, Jose"]
[Result "1-0"]
[WhiteElo "1911"]
[BlackElo "2053"]
[PlyCount "101"]
[EventDate "2009.11.02"]
[EventType "swiss"]
[EventRounds "9"]
[EventCountry "ESP"]
[Source "lmi"]
[SourceDate "2009.11.02"]

1. d4 Nf6 2. Nf3 b6 3. e3 Bb7 4. Bd3 d5 5. O-O e6 6. b3 Be7 7. Bb2 O-O 8. Nbd2
Ne4 9. c4 f5 10. Ne5 Nd7 11. f4 Nxe5 12. fxe5 Bg5 13. Qe2 Bh6 14. Rf3 Nxd2 15.
Qxd2 dxc4 16. Bxc4 Bxf3 17. Bxe6+ Kh8 18. gxf3 Qe7 19. Bc4 Qg5+ 20. Kf2 Qh4+
21. Kg1 Rad8 22. f4 Rfe8 23. Rf1 c6 24. Rf3 b5 25. Bd3 Qh5 26. Rg3 Re6 27. Be2
Qf7 28. Bf3 Qd7 29. Qc2 g6 30. Kf2 a5 31. Rg1 Rf8 32. Rc1 g5 33. Bxc6 Qe7 34.
d5 gxf4 35. dxe6 Qh4+ 36. Kg1 f3 37. Bxf3 Bxe3+ 38. Kh1 Bxc1 39. Qxc1 Qf2 40.
Bd5 Qh4 41. Qf1 Qe7 42. Qxb5 Rg8 43. Qf1 Qc5 44. Bg2 Qc2 45. Bd4 f4 46. e7 Qd2
47. Qf2 Qd1+ 48. Bf1 Re8 49. e6+ Kg8 50. Qxf4 Rxe7 51. Qb8+ 1-0

[Event "Madrid ch - Previa A"]
[Site "Madrid ESP"]
[Date "2009.11.10"]
[Round "4.6"]
[White "Lopez Rodriguez, Eduardo"]
[Black "Lopez Heras, Arturo"]
[Result "0-1"]
[WhiteElo "1877"]
[BlackElo "1979"]
[PlyCount "124"]
[EventDate "2009.11.02"]
[EventType "swiss"]
[EventRounds "9"]
[EventCountry "ESP"]
[Source "lmi"]
[SourceDate "2009.11.02"]

1. e4 e5 2. Nf3 Nc6 3. Bc4 Nf6 4. d3 Bc5 5. c3 d6 6. b4 Bb6 7. a4 a6 8. Be3
Bxe3 9. fxe3 O-O 10. O-O Bg4 11. Qe1 d5 12. exd5 Nxd5 13. e4 Nf4 14. Qe3 Kh8
15. d4 f6 16. Nbd2 Qe8 17. d5 Ne7 18. a5 Qg6 19. g3 Nh3+ 20. Kh1 Ng5 21. Nxg5
fxg5 22. Rf2 Rf6 23. Rxf6 Qxf6 24. Rf1 Qg6 25. Qf2 h5 26. Qf7 Qd6 27. h3 Bxh3
28. Qxh5+ Qh6 29. Qxh6+ gxh6 30. Rf7 Re8 31. Nf3 Bg4 32. Nxe5 Bh5 33. Rf2 Nxd5
34. Bxd5 Rxe5 35. Bxb7 Be8 36. Rf6 Bb5 37. Rxh6+ Kg7 38. Rxa6 Bxa6 39. Bxa6
Rxe4 40. Bb7 Re1+ 41. Kg2 Ra1 42. a6 Kf6 43. Kf3 Ra3 44. Ke4 Ke6 45. Kd4 Kd6
46. g4 Ra1 47. Kc4 c6 48. Kd4 Ra3 49. Ke4 Kc7 50. Kf5 Kb6 51. Kxg5 Rxc3 52. Kg6
Rc4 53. g5 Rxb4 54. Kg7 Rg4 55. g6 c5 56. Kf7 c4 57. g7 c3 58. g8=Q Rxg8 59.
Be4 Rg4 60. Bc2 Kxa6 61. Ke6 Rd4 62. Ke5 Rd2 0-1

[Event "Madrid ch - Previa A"]
[Site "Madrid ESP"]
[Date "2009.11.10"]
[Round "4.7"]
[White "Martin-Consuegra Barrilero, Francisco Javier"]
[Black "Iagar, Razvan-Gabriel"]
[Result "0-1"]
[WhiteElo "1891"]
[BlackElo "1971"]
[PlyCount "50"]
[EventDate "2009.11.02"]
[EventType "swiss"]
[EventRounds "9"]
[EventCountry "ESP"]
[Source "lmi"]
[SourceDate "2009.11.02"]

1. d4 f5 2. Bg5 g6 3. e3 Bg7 4. Nf3 Nf6 5. Nbd2 O-O 6. c4 d6 7. Qb3 Kh8 8. Be2
Qe8 9. d5 Na6 10. O-O Nc5 11. Qc2 e5 12. Rfe1 a5 13. Bxf6 Bxf6 14. Rab1 Bd7 15.
e4 fxe4 16. Nxe4 Nxe4 17. Qxe4 Bf5 18. Qe3 Bxb1 19. Rxb1 Qf7 20. Bd3 Be7 21.
Re1 Qf4 22. Qxf4 Rxf4 23. Re4 Raf8 24. Rxf4 Rxf4 25. Kf1 e4 0-1

[Event "Madrid ch - Previa A"]
[Site "Madrid ESP"]
[Date "2009.11.10"]
[Round "4.9"]
[White "Tirado Parra, Alberto"]
[Black "Fernandez Garcia, Ignacio"]
[Result "1-0"]
[WhiteElo "1949"]
[BlackElo "1895"]
[PlyCount "95"]
[EventDate "2009.11.02"]
[EventType "swiss"]
[EventRounds "9"]
[EventCountry "ESP"]
[Source "lmi"]
[SourceDate "2009.11.02"]

1. Nf3 Nf6 2. c4 d6 3. d4 g6 4. Nc3 Bg7 5. g3 c6 6. Bg2 O-O 7. O-O Na6 8. e4
Bg4 9. h3 Bd7 10. Be3 Qc8 11. Kh2 c5 12. e5 dxe5 13. dxe5 Ne8 14. Nd5 Qd8 15.
Qd2 Nec7 16. Nc3 Bc6 17. Qe2 Qc8 18. Rfd1 Qe6 19. Nd5 Rac8 20. h4 Bxd5 21. cxd5
Qb6 22. Rac1 Rcd8 23. Qc4 Qa5 24. a3 b5 25. Qe4 f5 26. exf6 exf6 27. d6 Rde8
28. Qc6 Ne6 29. d7 Re7 30. Qd6 Kf7 31. Bh3 Rd8 32. b4 Qb6 33. bxc5 Qa5 34. Bd2
Qxa3 35. Kg2 Naxc5 36. Bxe6+ Rxe6 37. Qxc5 Qxc5 38. Rxc5 Rxd7 39. Rxb5 Red6 40.
Rdb1 h6 41. Rb7 f5 42. Bxh6 Bf6 43. Bg5 Bg7 44. Bf4 Rd5 45. Ng5+ Kf6 46. Re1
Bh6 47. Re6+ Kg7 48. Be5+ 1-0

[Event "Madrid ch - Previa A"]
[Site "Madrid ESP"]
[Date "2009.11.10"]
[Round "4.12"]
[White "Franco Rincon, David"]
[Black "Martin Prieto, Oscar"]
[Result "0-1"]
[WhiteElo "1824"]
[BlackElo "1967"]
[PlyCount "56"]
[EventDate "2009.11.02"]
[EventType "swiss"]
[EventRounds "9"]
[EventCountry "ESP"]
[Source "lmi"]
[SourceDate "2009.11.02"]

1. e4 c5 2. Nc3 g6 3. g3 Bg7 4. Bg2 e6 5. d3 Ne7 6. Be3 d6 7. f4 Nbc6 8. Nf3
Rb8 9. O-O b5 10. Qd2 b4 11. Nd1 a5 12. a3 O-O 13. c3 bxc3 14. Nxc3 Qb6 15.
Rab1 Ba6 16. Rfd1 Nd4 17. Re1 Nec6 18. Bf2 Rfc8 19. Nxd4 Bxd4 20. Bxd4 Nxd4 21.
Kh1 Qb3 22. Rec1 Rb6 23. Bf1 Rcb8 24. Be2 Nxe2 25. Qxe2 d5 26. exd5 exd5 27.
Qe5 Re6 28. Qxd5 Bb7 0-1

[Event "Madrid ch - Previa A"]
[Site "Madrid ESP"]
[Date "2009.11.10"]
[Round "4.13"]
[White "Stet, Nutu"]
[Black "Osorio Ramos, Francisco"]
[Result "0-1"]
[WhiteElo "1819"]
[BlackElo "1946"]
[PlyCount "74"]
[EventDate "2009.11.02"]
[EventType "swiss"]
[EventRounds "9"]
[EventCountry "ESP"]
[Source "lmi"]
[SourceDate "2009.11.02"]

1. e4 c5 2. Nf3 d6 3. d4 cxd4 4. Nxd4 Nf6 5. Nc3 a6 6. Be3 e5 7. Nf3 Be7 8. h3
h6 9. Be2 Be6 10. Qd2 O-O 11. Bd3 b5 12. O-O Nbd7 13. a3 Rc8 14. b4 Qc7 15. Ne2
Nb6 16. Bxb6 Qxb6 17. Rac1 Rc7 18. Rfd1 Rfc8 19. Qe1 Qb7 20. Nd2 Nh5 21. Nf3
Nf6 22. Nd2 d5 23. f3 d4 24. g4 Nd7 25. h4 Nb6 26. Nf1 Na4 27. Rb1 Nc3 28. Nxc3
Rxc3 29. Ra1 Bc4 30. Kg2 Qc6 31. Kg3 Qf6 32. Kg2 Qxh4 33. Qe2 Bxd3 34. cxd3 Bg5
35. Ra2 Bf4 36. Rb1 h5 37. Rd1 R8c6 0-1

[Event "Madrid ch - Previa A"]
[Site "Madrid ESP"]
[Date "2009.11.10"]
[Round "4.14"]
[White "Carrera Cabaneros, Francisco"]
[Black "Rodriguez Bachiller, Luis"]
[Result "1-0"]
[WhiteElo "1816"]
[BlackElo "1879"]
[PlyCount "117"]
[EventDate "2009.11.02"]
[EventType "swiss"]
[EventRounds "9"]
[EventCountry "ESP"]
[Source "lmi"]
[SourceDate "2009.11.02"]

1. d4 Nf6 2. c4 c5 3. d5 b5 4. b3 d6 5. Bb2 e5 6. cxb5 a6 7. e3 Be7 8. Nc3 O-O
9. h3 Nbd7 10. e4 Qa5 11. Qc2 Rb8 12. bxa6 Bxa6 13. Bxa6 Qxa6 14. Nge2 Rfc8 15.
O-O c4 16. Rab1 Nc5 17. bxc4 Qxc4 18. f3 Nd3 19. Qd2 Nd7 20. Ba1 Ra8 21. Rb7
Rd8 22. Rfb1 Bf8 23. Nc1 N7c5 24. Rc7 Rdc8 25. Rxc8 Rxc8 26. Nxd3 Nxd3 27. Rb3
Nc5 28. Rb6 Na6 29. Qe2 Qc5+ 30. Qf2 Qa3 31. Qb2 Qa5 32. Qb5 Qxb5 33. Rxb5 g6
34. Rb6 Ra8 35. Nb5 Nb4 36. a3 Nc2 37. Bb2 Ra5 38. Rb8 Kg7 39. Nc7 Be7 40. Ra8
Rc5 41. Na6 Rb5 42. Rb8 Ra5 43. Nb4 Rc5 44. Nc6 Bf8 45. a4 Ne3 46. Ba3 Rc3 47.
Bb4 Rc1+ 48. Kf2 Nd1+ 49. Kg3 Ra1 50. a5 Ne3 51. Ra8 Ra2 52. f4 Nf1+ 53. Kf3
Nh2+ 54. Ke3 exf4+ 55. Kxf4 g5+ 56. Kxg5 Rxg2+ 57. Kf4 f6 58. a6 Kg6 59. Rxf8
1-0

[Event "Madrid ch - Previa A"]
[Site "Madrid ESP"]
[Date "2009.11.10"]
[Round "4.15"]
[White "Cortijo Manso, Luis"]
[Black "Rodriguez Vignote, Javier"]
[Result "0-1"]
[WhiteElo "1628"]
[BlackElo "1874"]
[PlyCount "76"]
[EventDate "2009.11.02"]
[EventType "swiss"]
[EventRounds "9"]
[EventCountry "ESP"]
[Source "lmi"]
[SourceDate "2009.11.02"]

1. e4 e6 2. Nf3 d5 3. exd5 exd5 4. d4 Bd6 5. Bd3 Nc6 6. O-O Bg4 7. Nbd2 Nxd4 8.
h3 Nxf3+ 9. Nxf3 Bh5 10. g4 Bg6 11. Re1+ Ne7 12. Kg2 c6 13. Bg5 f6 14. Bh4 Bxd3
15. Qxd3 O-O 16. Nd4 Qd7 17. Re2 Ng6 18. Bg3 Rae8 19. Rae1 Nf4+ 20. Bxf4 Bxf4
21. Ne6 Rxe6 22. Rxe6 Be5 23. Qf5 g6 24. Qd3 Qxe6 25. f4 Qd6 26. fxe5 fxe5 27.
c4 Qf6 28. Qe2 e4 29. cxd5 cxd5 30. Qe3 Qxb2+ 31. Re2 Qb6 32. Qd2 Qc5 33. Qb2
b6 34. Qe5 Qc6 35. Rd2 Re8 36. Qb2 e3 37. Re2 d4+ 38. Kf1 Qh1# 0-1

[Event "Madrid ch - Previa A"]
[Site "Madrid ESP"]
[Date "2009.11.10"]
[Round "4.16"]
[White "Martinez Miura, Enrique"]
[Black "Gabriel Y Galan Acevedo, Jesus"]
[Result "0-1"]
[WhiteElo "1747"]
[BlackElo "1981"]
[PlyCount "82"]
[EventDate "2009.11.02"]
[EventType "swiss"]
[EventRounds "9"]
[EventCountry "ESP"]
[Source "lmi"]
[SourceDate "2009.11.02"]

1. e4 e6 2. d4 d5 3. Nc3 Bb4 4. e5 c5 5. a3 Ba5 6. Nf3 Nc6 7. Bb5 a6 8. Bxc6+
bxc6 9. O-O Ne7 10. Bg5 h6 11. Bxe7 Qxe7 12. Na4 cxd4 13. Nxd4 Bd7 14. b4 Bc7
15. Re1 O-O 16. Qd3 f6 17. exf6 Qxf6 18. f3 e5 19. Nc5 Bc8 20. Ndb3 Bf5 21. Qe2
Bc8 22. Kh1 Qd6 23. g3 Qf6 24. Rf1 Bh3 25. Rf2 e4 26. f4 a5 27. Rd1 axb4 28.
axb4 Bb6 29. Qh5 Bxc5 30. Nxc5 Bf5 31. Qe2 Qg6 32. Qe3 Bg4 33. Rc1 Rfd8 34. c3
Ra3 35. Qd4 Qf6 36. Qd2 Bf3+ 37. Kg1 d4 38. Qb2 Rxc3 39. Rxc3 dxc3 40. Qb3+ Kh8
41. h4 Rd1+ 0-1

[Event "Madrid ch - Previa A"]
[Site "Madrid ESP"]
[Date "2009.11.10"]
[Round "4.17"]
[White "Huerta Navarro, Eusebio"]
[Black "Poblador Dieguez, Alfredo"]
[Result "1-0"]
[WhiteElo "1948"]
[BlackElo "1661"]
[PlyCount "90"]
[EventDate "2009.11.02"]
[EventType "swiss"]
[EventRounds "9"]
[EventCountry "ESP"]
[Source "lmi"]
[SourceDate "2009.11.02"]

1. d4 d5 2. c4 e6 3. Nc3 Nf6 4. Bg5 c6 5. e3 Nbd7 6. Nf3 Qa5 7. Bxf6 Nxf6 8.
Bd3 Bb4 9. Qc2 dxc4 10. Bxc4 Nd5 11. Rc1 Bxc3+ 12. bxc3 h6 13. O-O O-O 14. e4
Nf6 15. a4 Rd8 16. Ba2 c5 17. Bb1 cxd4 18. cxd4 Ne8 19. e5 g6 20. Qb3 Qd5 21.
Qe3 Kg7 22. Rc5 Qd7 23. a5 b6 24. axb6 axb6 25. Rc3 Bb7 26. Qf4 Bxf3 27. Rxf3
Qe7 28. Rh3 Qg5 29. Qe4 Qd2 30. Rd3 Qg5 31. Rg3 Qe7 32. h4 h5 33. Rg5 Qd7 34.
Qf3 Kh8 35. g4 hxg4 36. Rxg4 Ng7 37. Qf6 Kg8 38. Qg5 Ra1 39. h5 Nxh5 40. Qxh5
Qb5 41. Rxg6+ Kf8 42. Qh8+ Ke7 43. Qf6+ Kd7 44. Qxf7+ Kc8 45. Rc1+ Kb8 1-0

[Event "Madrid ch - Previa A"]
[Site "Madrid ESP"]
[Date "2009.11.10"]
[Round "4.18"]
[White "Romero Jaime, Pedro"]
[Black "Lopez Peral, Enrique"]
[Result "0-1"]
[WhiteElo "1730"]
[BlackElo "1864"]
[PlyCount "60"]
[EventDate "2009.11.02"]
[EventType "swiss"]
[EventRounds "9"]
[EventCountry "ESP"]
[Source "lmi"]
[SourceDate "2009.11.02"]

1. Nf3 d5 2. b4 Nf6 3. Bb2 e6 4. a3 Nbd7 5. d4 Be7 6. e3 O-O 7. c4 dxc4 8. Bxc4
b6 9. O-O Bb7 10. Nbd2 c5 11. b5 cxd4 12. exd4 Nd5 13. Re1 N7f6 14. Ne5 Rc8 15.
Rc1 Bd6 16. Ndf3 h6 17. h3 Qe7 18. Ra1 Nd7 19. Nxd7 Qxd7 20. Ne5 Bxe5 21. Bxd5
Qxd5 22. f3 Bb8 23. a4 Qd6 24. Kf1 Rfd8 25. Qd3 Qf4 26. Rad1 Bd5 27. Rc1 Qh2
28. Red1 Bg3 29. Qa3 Qh1+ 30. Ke2 Qxg2+ 0-1

[Event "Madrid ch - Previa A"]
[Site "Madrid ESP"]
[Date "2009.11.10"]
[Round "4.19"]
[White "Barragan Panal, Juan Jose"]
[Black "Maseda Iglesias, Luis"]
[Result "0-1"]
[WhiteElo "1687"]
[BlackElo "1839"]
[PlyCount "88"]
[EventDate "2009.11.02"]
[EventType "swiss"]
[EventRounds "9"]
[EventCountry "ESP"]
[Source "lmi"]
[SourceDate "2009.11.02"]

1. c4 Nf6 2. Nc3 d5 3. cxd5 Nxd5 4. e4 Nxc3 5. bxc3 c5 6. Bc4 Nc6 7. Nf3 e6 8.
O-O Be7 9. d4 cxd4 10. cxd4 O-O 11. Bb2 Na5 12. Bd3 b6 13. Rc1 Bb7 14. Qe2 Rc8
15. Rxc8 Qxc8 16. Rc1 Qd8 17. Ne5 Bd6 18. Nc4 Nxc4 19. Bxc4 Qa8 20. Bd3 Rc8 21.
e5 Bf8 22. Qh5 g6 23. Qg4 Rxc1+ 24. Bxc1 Bd5 25. a3 Qc6 26. Bb2 Qa4 27. h4 Qb3
28. Qe2 Bxa3 29. Bxa3 Qxa3 30. h5 Qa1+ 31. Kh2 Qxd4 32. hxg6 Qh4+ 33. Kg1 hxg6
34. Qc2 Qg5 35. Qc8+ Kg7 36. Bf1 Qxe5 37. Qa6 Qc7 38. Qd3 a5 39. Qd4+ f6 40.
Bd3 Qc6 41. Qg4 Qc1+ 42. Kh2 Qg5 43. Qxg5 fxg5 44. Bb5 Bb3 0-1

[Event "Madrid ch - Previa A"]
[Site "Madrid ESP"]
[Date "2009.11.10"]
[Round "4.20"]
[White "Corredor Gonzalez, Angel L"]
[Black "Benito Mellado, Humberto"]
[Result "1-0"]
[WhiteElo "1806"]
[BlackElo "1636"]
[PlyCount "113"]
[EventDate "2009.11.02"]
[EventType "swiss"]
[EventRounds "9"]
[EventCountry "ESP"]
[Source "lmi"]
[SourceDate "2009.11.02"]

1. e4 c5 2. Nf3 d6 3. d4 cxd4 4. Nxd4 a6 5. Nc3 Nf6 6. Bg5 e6 7. Be2 Be7 8. f4
Qc7 9. Bf3 O-O 10. Qe2 e5 11. Nb3 h6 12. Bxf6 Bxf6 13. Nd5 Qd8 14. f5 b5 15.
O-O Bb7 16. Rad1 Nd7 17. Qf2 Bxd5 18. Rxd5 Nb6 19. Rd3 Bg5 20. Rfd1 Nc4 21. c3
Qc7 22. Kh1 Rfd8 23. Bh5 Qe7 24. Qf3 Nxb2 25. Qg4 Nxd3 26. Rxd3 Rac8 27. Rg3
Rc4 28. h4 Bf6 29. Nd2 Ra4 30. Nf1 d5 31. Re3 Bxh4 32. Ng3 d4 33. Rf3 Bf6 34.
cxd4 Raxd4 35. Ne2 Rc4 36. Nc3 Rdd4 37. Nd5 Qd8 38. Nxf6+ Qxf6 39. Re3 a5 40.
Re2 b4 41. g3 a4 42. Qf3 Rc3 43. Re3 Rc1+ 44. Kg2 Rc2+ 45. Re2 Rdd2 46. Rxd2
Rxd2+ 47. Kh3 Rxa2 48. Qd3 Kf8 49. Qc4 b3 50. Qc8+ Ke7 51. Qc7+ Ke8 52. Qc8+
Qd8 53. Bxf7+ Ke7 54. Qe6+ Kf8 55. Bg6 Rh2+ 56. Kxh2 Qd2+ 57. Kh3 1-0

[Event "Madrid ch - Previa A"]
[Site "Madrid ESP"]
[Date "2009.11.10"]
[Round "4.23"]
[White "Perez Herrero, Angel"]
[Black "Marcelo De La Mata, Daniel"]
[Result "0-1"]
[WhiteElo "1627"]
[BlackElo "1632"]
[PlyCount "52"]
[EventDate "2009.11.02"]
[EventType "swiss"]
[EventRounds "9"]
[EventCountry "ESP"]
[Source "lmi"]
[SourceDate "2009.11.02"]

1. e4 c5 2. Nf3 Nc6 3. d4 cxd4 4. Nxd4 Nf6 5. Nc3 e5 6. Nxc6 bxc6 7. Bc4 Be7 8.
O-O O-O 9. a3 Rb8 10. b4 Bb7 11. Re1 Qc7 12. Bg5 h6 13. Bxf6 Bxf6 14. Qf3 Rbd8
15. Re3 d6 16. Rd1 Bc8 17. Qh5 Be6 18. Bxe6 fxe6 19. Rg3 Qf7 20. Qxh6 Bg5 21.
Qxe6 Qxe6 22. Rxg5 d5 23. exd5 cxd5 24. b5 Qf6 25. h4 Qxf2+ 26. Kh1 Qxh4+ 0-1

[Event "Madrid ch - Previa A"]
[Site "Madrid ESP"]
[Date "2009.11.10"]
[Round "4.25"]
[White "Suarez Mencia, Roberto"]
[Black "Pardiñas Riaño, Emilio"]
[Result "0-1"]
[WhiteElo "1653"]
[BlackElo "1838"]
[PlyCount "80"]
[EventDate "2009.11.02"]
[EventType "swiss"]
[EventRounds "9"]
[EventCountry "ESP"]
[Source "lmi"]
[SourceDate "2009.11.02"]

1. c4 e5 2. g3 Nf6 3. Bg2 c6 4. e3 d5 5. cxd5 cxd5 6. Ne2 Bd6 7. Nbc3 Be6 8. d4
e4 9. O-O a6 10. a4 O-O 11. f3 exf3 12. Bxf3 Bh3 13. Bg2 Bxg2 14. Kxg2 Nbd7 15.
Qb3 Qb6 16. Qxb6 Nxb6 17. a5 Nbd7 18. Rb1 Rac8 19. b4 b5 20. Bd2 Rc4 21. Nd1
Rc2 22. Rb2 Rfc8 23. Bc3 R8xc3 24. Ndxc3 Rxb2 25. Rb1 Rxb1 26. Nxb1 Bxb4 27.
Nc1 Bxa5 28. Kf3 Bc7 29. Nd3 Bd6 30. Nd2 a5 31. Nb3 a4 32. Nbc5 Nxc5 33. dxc5
Bc7 34. Nb4 a3 35. c6 Kf8 36. h3 Ke7 37. g4 Kd6 38. Ke2 Kc5 39. Na2 b4 40. Nc1
Kc4 0-1

[Event "Madrid ch - Previa A"]
[Site "Madrid ESP"]
[Date "2009.11.10"]
[Round "4.26"]
[White "Castro Uceda, Jose Antonio"]
[Black "Perez Romana, David"]
[Result "0-1"]
[WhiteElo "1715"]
[BlackElo "1579"]
[PlyCount "70"]
[EventDate "2009.11.02"]
[EventType "swiss"]
[EventRounds "9"]
[EventCountry "ESP"]
[Source "lmi"]
[SourceDate "2009.11.02"]

1. d4 d5 2. c4 c6 3. e3 Nf6 4. Nc3 Bf5 5. Nf3 e6 6. Bd3 Bxd3 7. Qxd3 Bb4 8. O-O
Bxc3 9. Qxc3 O-O 10. Re1 Nbd7 11. Qd3 Ne4 12. Nd2 Nxd2 13. Bxd2 Nf6 14. f3 Re8
15. e4 dxe4 16. fxe4 e5 17. Bc3 exd4 18. Bxd4 c5 19. e5 Ng4 20. Qe4 Qxd4+ 21.
Qxd4 cxd4 22. Re4 Ne3 23. c5 Rad8 24. b4 Nc4 25. Rae1 Nb2 26. R4e2 Nd3 27. Rd1
Nxb4 28. Rb1 Nd3 29. Rxb7 Nxc5 30. Rxa7 d3 31. Rd2 Ne4 32. Rd1 d2 33. Ra3 Rxe5
34. Kf1 h6 35. Rb3 Rc5 0-1

[Event "Madrid ch - Previa A"]
[Site "Madrid ESP"]
[Date "2009.11.11"]
[Round "5.1"]
[White "Sotnikov, Taras"]
[Black "Spitzer Isbert, Ramon"]
[Result "1-0"]
[WhiteElo "1971"]
[BlackElo "2064"]
[PlyCount "45"]
[EventDate "2009.11.02"]
[EventType "swiss"]
[EventRounds "9"]
[EventCountry "ESP"]
[Source "lmi"]
[SourceDate "2009.11.02"]

1. e4 c5 2. c3 Nf6 3. e5 Nd5 4. d4 e6 5. Nf3 cxd4 6. cxd4 Be7 7. Nc3 Nxc3 8.
bxc3 b6 9. Bd3 Bb7 10. O-O d6 11. Re1 Nd7 12. exd6 Bxd6 13. Ng5 Nf6 14. Bb5+
Kf8 15. Qb3 Qc7 16. Nxe6+ fxe6 17. Rxe6 Ne8 18. Bg5 a6 19. Bd3 h6 20. Bd2 Rd8
21. Bg6 Nf6 22. Rae1 Bd5 23. Qxd5 1-0

[Event "Madrid ch - Previa A"]
[Site "Madrid ESP"]
[Date "2009.11.11"]
[Round "5.2"]
[White "Alvarez Abejon, Amilcar"]
[Black "Baeza Escudero, Javier"]
[Result "1/2-1/2"]
[WhiteElo "2063"]
[BlackElo "1956"]
[PlyCount "105"]
[EventDate "2009.11.02"]
[EventType "swiss"]
[EventRounds "9"]
[EventCountry "ESP"]
[Source "lmi"]
[SourceDate "2009.11.02"]

1. e4 e5 2. Nf3 Nc6 3. d4 exd4 4. Bc4 Nf6 5. e5 d5 6. Bb5 Ne4 7. Nxd4 Bd7 8.
Bxc6 bxc6 9. O-O Bc5 10. Be3 Bb6 11. f3 Ng5 12. f4 Ne4 13. Nc3 c5 14. Nb3 c4
15. Nd4 Nxc3 16. bxc3 Qh4 17. Qd2 O-O 18. Rae1 Rae8 19. f5 h6 20. Rf4 Qh5 21.
Bf2 Bxd4 22. Qxd4 Bxf5 23. g4 Bxg4 24. Rxg4 c5 25. Qf4 d4 26. cxd4 cxd4 27.
Bxd4 f6 28. Qg3 g5 29. Bc3 f5 30. Rxc4 f4 31. Qd3 Rd8 32. Rd4 f3 33. Rf1 Rc8
34. Bb4 f2+ 35. Rxf2 Rxf2 36. Kxf2 Qxh2+ 37. Kf1 Qxe5 38. Qg6+ Qg7 39. Qxg7+
Kxg7 40. Rd7+ Kg6 41. c3 Ra8 42. Ba5 Kf5 43. Rh7 Kg6 44. Rd7 h5 45. c4 Rc8 46.
Rc7 Rxc7 47. Bxc7 Kf5 48. c5 Ke6 49. Kf2 Kd5 50. Bd6 h4 51. Kf3 h3 52. Kg3 g4
53. Kxg4 1/2-1/2

[Event "Madrid ch - Previa A"]
[Site "Madrid ESP"]
[Date "2009.11.11"]
[Round "5.3"]
[White "Tipter, Napoleon"]
[Black "Tirado Parra, Alberto"]
[Result "0-1"]
[WhiteElo "2048"]
[BlackElo "1949"]
[PlyCount "44"]
[EventDate "2009.11.02"]
[EventType "swiss"]
[EventRounds "9"]
[EventCountry "ESP"]
[Source "lmi"]
[SourceDate "2009.11.02"]

1. e4 g6 2. d4 Bg7 3. Nc3 d6 4. Be3 Nf6 5. f3 O-O 6. Qd2 Nc6 7. Nge2 a6 8. g4
b5 9. Ng3 e5 10. Nce2 exd4 11. Nxd4 Nxd4 12. Bxd4 c5 13. Be3 Qc7 14. O-O-O Rd8
15. Bh6 Be6 16. Bxg7 Kxg7 17. h4 d5 18. Qh2 Qf4+ 19. Kb1 dxe4 20. Be2 Kf8 21.
g5 exf3 22. Bd3 Ng4 0-1

[Event "Madrid ch - Previa A"]
[Site "Madrid ESP"]
[Date "2009.11.11"]
[Round "5.4"]
[White "Lopez Heras, Arturo"]
[Black "Garcia Gonzalez, Pedro A"]
[Result "1/2-1/2"]
[WhiteElo "1979"]
[BlackElo "1911"]
[PlyCount "103"]
[EventDate "2009.11.02"]
[EventType "swiss"]
[EventRounds "9"]
[EventCountry "ESP"]
[Source "lmi"]
[SourceDate "2009.11.02"]

1. e4 e5 2. Nf3 Nc6 3. Bc4 Nf6 4. d3 Be7 5. c3 O-O 6. O-O d6 7. h3 Na5 8. Nbd2
Nxc4 9. Nxc4 Re8 10. Bg5 c6 11. Re1 Be6 12. Ne3 h6 13. Bh4 Qc7 14. Qc2 Nh5 15.
d4 Rad8 16. Bxe7 Rxe7 17. Nh4 g6 18. Qe2 Nf4 19. Qf3 Ree8 20. Rad1 Qe7 21. Qg3
Kh7 22. Nf3 Nh5 23. Qh2 f6 24. d5 Bc8 25. g4 Nf4 26. Ng2 Nxg2 27. Qxg2 f5 28.
g5 h5 29. h4 Rf8 30. Nh2 fxe4 31. Rxe4 cxd5 32. Ra4 a6 33. Qxd5 Be6 34. Qg2 Qf7
35. Rb4 b5 36. a4 Bb3 37. Ra1 bxa4 38. f4 exf4 39. Rf1 Qa7+ 40. Rf2 Qe3 41. Nf1
f3 42. Nxe3 fxg2 43. Kxg2 Rxf2+ 44. Kxf2 Rf8+ 45. Kg3 Re8 46. Kf3 Rf8+ 47. Ke4
Rf2 48. Rb7+ Kg8 49. Rb8+ Kf7 50. Rb7+ Kg8 51. Rb8+ Kf7 52. Rb7+ 1/2-1/2

[Event "Madrid ch - Previa A"]
[Site "Madrid ESP"]
[Date "2009.11.11"]
[Round "5.6"]
[White "Canseco Arenas, Alfonso"]
[Black "Vukotic Jovsic, Dragan"]
[Result "1-0"]
[WhiteElo "1789"]
[BlackElo "1970"]
[PlyCount "89"]
[EventDate "2009.11.02"]
[EventType "swiss"]
[EventRounds "9"]
[EventCountry "ESP"]
[Source "lmi"]
[SourceDate "2009.11.02"]

1. e4 c5 2. Nf3 d6 3. d4 cxd4 4. Nxd4 Nf6 5. Nc3 g6 6. f3 Bg7 7. Be3 O-O 8. Qd2
Nc6 9. g4 Rb8 10. h4 h5 11. gxh5 Nxh5 12. O-O-O a6 13. Nde2 Ne5 14. Nd4 Nc6 15.
Qf2 Bd7 16. Be2 b5 17. f4 Bxd4 18. Bxd4 Nxd4 19. Bxh5 gxh5 20. Qxd4 Bg4 21.
Rdg1 Kh7 22. Nd5 Rg8 23. f5 f6 24. Rh2 Bf3 25. Rh3 Bg2 26. Rd3 Rc8 27. b3 Rg4
28. Re3 Qf8 29. Re2 Qg7 30. Kb2 Bf3 31. Ree1 Rg2 32. Rxg2 Qxg2 33. Qd3 Qg3 34.
Re3 Qe5+ 35. Kb1 Bg4 36. Nb6 Rc6 37. Nd7 Qh2 38. Nf8+ Kg8 39. Ng6 Qg1+ 40. Kb2
Rc7 41. Nf4 Rc5 42. Nxh5 Qd1 43. Rg3 Kf8 44. Nf4 Bh5 45. Ne6+ 1-0

[Event "Madrid ch - Previa A"]
[Site "Madrid ESP"]
[Date "2009.11.11"]
[Round "5.7"]
[White "Montolio Benedicto, Cesar"]
[Black "Carrera Cabaneros, Francisco"]
[Result "1/2-1/2"]
[WhiteElo "1991"]
[BlackElo "1816"]
[PlyCount "80"]
[EventDate "2009.11.02"]
[EventType "swiss"]
[EventRounds "9"]
[EventCountry "ESP"]
[Source "lmi"]
[SourceDate "2009.11.02"]

1. e4 e5 2. Nf3 Nf6 3. Nxe5 d6 4. Nf3 Nxe4 5. Qe2 Qe7 6. d3 Nf6 7. Bg5 Be6 8.
Nc3 h6 9. Bh4 g5 10. Bg3 Bg7 11. O-O-O Nc6 12. h3 O-O-O 13. d4 Nd5 14. Nxd5
Bxd5 15. Qxe7 Nxe7 16. c4 Bxf3 17. gxf3 Nf5 18. d5 Nd4 19. f4 Rde8 20. b3 Re7
21. Bd3 Rhe8 22. fxg5 hxg5 23. h4 Bh6 24. hxg5 Bxg5+ 25. Kb2 Ne2 26. Bh4 f6 27.
Bxg5 fxg5 28. Rde1 b6 29. Bf5+ Kd8 30. Bg4 Nf4 31. Rxe7 Rxe7 32. Rh8+ Re8 33.
Rxe8+ Kxe8 34. Kc3 a5 35. a3 Ke7 36. b4 axb4+ 37. axb4 Ng6 38. Kd4 Ne5 39. Be2
Nd7 40. Bg4 Ne5 1/2-1/2